| 000 | 01075nam a22002537a 4500 | ||
|---|---|---|---|
| 005 | 20170124102931.0 | ||
| 010 | _aB-067034 | ||
| 020 | _c175.00 | ||
| 035 | _aB-067034 | ||
| 037 | _bCen Lib/Ret | ||
| 040 |
_aDPL _bHN |
||
| 082 |
_a509.2 _bशर्मारा |
||
| 100 |
_aशर्मा, राकेश _945114 |
||
| 245 |
_aविश्व प्रसिद्ध वैज्ञानिक / _cराकेश शर्मा |
||
| 246 |
_aVishw prasidh vaigyanik / _bby Rakesh Sharma |
||
| 260 |
_aदिल्ली _bदिनमान प्रकाशन _c2002 |
||
| 270 |
_a३०१४ चर्खेवालन _bदिल्ली _e110006 |
||
| 300 |
_a176पृ.: _c19सेमी (सजिल्द) _bसचित्र |
||
| 650 |
_aसामान्य विज्ञान _9442 |
||
| 650 |
_aविश्व प्रसिद्ध वैज्ञानिक _945115 |
||
| 650 |
_aGeneral Science _942175 |
||
| 650 |
_aWorld renowned scientist _945116 |
||
| 942 |
_2ddc _cHN _h509.2 _mशर्मारा |
||
| 999 |
_c111920 _d111920 |
||